| Tag |
First Indicator |
Second Indicator |
Subfields |
| LEADER |
00000nam a2200000Ia 4500 |
| 001 |
in00004299613 |
| 005 |
20200810083101.0 |
| 006 |
m g d |
| 007 |
cr bn |||a|bb| |
| 008 |
860605s1692 enk o 00| | eng d |
| 035 |
|
|
|a (OCoLC)13691398
|
| 040 |
|
|
|c EAF
|d WaOLN
|
| 037 |
|
|
|a CL0037000034
|b ProQuest Information and Learning. 300 N. Zeeb Rd., Ann Arbor, MI 48106
|
| 043 |
|
|
|a e-uk---
|
| 045 |
2 |
|
|b d1689
|b d1702
|
| 090 |
|
|
|a DA460
|b .S36
|
| 049 |
|
|
|a EAFA
|
| 100 |
1 |
|
|a Scott, John,
|d 1639-1695.
|
| 245 |
1 |
2 |
|a A sermon preached before the queen the 22d of May, 1692 :
|b upon occasion of the late victory obtained by Their Majesties fleet over the French /
|c by John Scott ...
|
| 260 |
|
|
|a London :
|b Printed for Walter Kettilby ...,
|c MDCXCII [1692]
|
| 300 |
|
|
|a 1 online resource ([2], 35 pages)
|
| 336 |
|
|
|a text
|b txt
|2 rdacontent
|
| 337 |
|
|
|a computer
|b c
|2 rdamedia
|
| 338 |
|
|
|a online resource
|b cr
|2 rdacarrier
|
| 500 |
|
|
|a Reproduction of original in the Huntington Library.
|
| 510 |
4 |
|
|a Wing
|c S2076
|
| 533 |
|
|
|a Electronic reproduction.
|b Ann Arbor, Mich. :
|c UMI,
|d 1999-
|f (Early English books online)
|n Digital version of: (Early English books, 1641-1700 ; 1047:36)
|7 s1999 miun s
|
| 651 |
|
0 |
|a Great Britain
|x History
|y William and Mary, 1689-1702.
|
| 650 |
|
0 |
|a Sermons, English
|y 17th century.
|
| 830 |
|
0 |
|a Early English books online.
|
| 856 |
4 |
0 |
|u http://proxy.library.tamu.edu/login?url=https://search.proquest.com/docview/2240862182
|z Connect to the full text of this electronic book
|t 0
|
| 999 |
f |
f |
|s b950b268-cc16-3388-a87e-33f4041eba39
|i 3d3d450a-10d8-3880-b852-6e16ebf89f50
|t 0
|
| 952 |
f |
f |
|a Texas A&M University
|b College Station
|c Electronic Resources
|d Available Online
|t 0
|e DA460 .S36
|h Library of Congress classification
|
| 998 |
f |
f |
|a DA460 .S36
|t 0
|l Available Online
|